| 000 | 01087cam a2200325 a 4500 | ||
|---|---|---|---|
| 999 |
_c9350 _d9350 |
||
| 001 | 9350 | ||
| 003 | BD-JhCC | ||
| 005 | 20180320083710.0 | ||
| 008 | 870724s1988 nyua j 001 0 eng | ||
| 020 |
_a0816016712 _c$16.95 |
||
| 035 | _a(BD-JhCC)9350 | ||
| 040 |
_aDLC _cDLC _dOCoLC _dDLC _dBD-JhCC |
||
| 041 | _aeng | ||
| 050 | 0 | 0 |
_aGV481 _b.S649 1988 |
| 082 | 0 | 0 |
_a613.7/1 _219 _bSPE 1988 |
| 100 | 1 | _aSpence, Annette. | |
| 245 | 1 | 0 |
_aExercise : _bEncyclopedia of good health / _ctext by Annette Spence. |
| 260 |
_aNew York : _bFacts on File, _c1988. |
||
| 300 |
_a110 p. : _bill. (some col.) ; _c29 cm. |
||
| 440 | 4 | _aThe Encyclopedia of good health | |
| 500 | _a"A Friedman Group book"--T.p. verso. | ||
| 500 | _aIncludes index. | ||
| 520 | _aProvides information on all aspects of exercise, including methods to measure and improve physical fitness. | ||
| 650 | 0 |
_aExercise _xMiscellanea _xJuvenile literature. |
|
| 650 | 0 |
_aPhysical fitness _xMiscellanea _xJuvenile literature. |
|
| 650 | 1 | _aExercise. | |
| 650 | 1 | _aPhysical fitness. | |
| 942 |
_2ddc _cREF |
||